000 00292nam a2200121Ia 4500
008 190802s9999 xx 000 0 und d
020 _a978-1-119-41200-7
100 _aSean McManus
245 0 _aRaspberry Pi for dummies
260 _aUSA
_bJohn Wiley
_c2017
300 _a484:p
942 _cBK
999 _c2223
_d2223